[Event "Landsholdsklassen"]
[Site "Svendborg"]
[Date "2018.03.28"]
[Round "5"]
[White "Rewitz, Poul"]
[Black "Thybo, Jesper Sondergaard"]
[Result "0-1"]
[WhiteElo "2308"]
[BlackElo "2472"]
[PlyCount "112"]
[EventDate "2018.03.24"]
[EventType "tourn"]
[EventRounds "9"]
[EventCountry "DEN"]

1. d4 e6 2. e4 d5 3. Nc3 Bb4 4. exd5 exd5 5. Qf3 Nf6 6. Bg5 c6 7. Bxf6 Qxf6 8.
Qxf6 gxf6 9. Bd3 Ke7 10. Nge2 f5 11. Nf4 Kf6 12. O-O-O Bd6 13. Nce2 Nd7 14. h4
Nf8 15. Nh5+ Kg6 16. Nhf4+ Kh6 17. Rh3 Ne6 18. g3 Rg8 19. c3 Bd7 20. Nxe6 fxe6
21. Re1 e5 22. dxe5 Bxe5 23. Ng1 Bd6 24. f4 Rae8 25. Rxe8 Rxe8 26. Kd2 Bc5 27.
Nf3 Be3+ 28. Kd1 Bf2 29. Ne5 Rxe5 30. fxe5 f4 31. Rh2 fxg3 32. Rxf2 gxf2 33.
Ke2 Kh5 34. Bxh7 Kxh4 35. Kxf2 Kg5 36. Ke3 Bf5 37. Bg8 Kg6 38. c4 Kg7 39. cxd5
Kxg8 40. dxc6 b6 41. Kd4 Kf7 42. a4 Ke6 43. a5 Bh3 44. Kc4 Bf1+ 45. Kb4 Ba6 46.
axb6 axb6 47. Ka4 Kxe5 48. c7 Kd6 49. Kb3 Kxc7 50. Ka2 Kc6 51. Kb1 Kc5 52. Ka1
Kb4 53. Kb1 Kb3 54. Ka1 Bc4 55. Kb1 Be6 56. Ka1 Kc2 0-1

[Event "Landsholdsklassen"]
[Site "Svendborg"]
[Date "2018.03.29"]
[Round "6"]
[White "Borge, Nikolaj"]
[Black "Percivaldi, Martin"]
[Result "0-1"]
[WhiteElo "2392"]
[BlackElo "2388"]
[PlyCount "106"]
[EventDate "2018.03.24"]
[EventType "tourn"]
[EventRounds "9"]
[EventCountry "DEN"]

1. e4 e6 2. d4 d5 3. exd5 exd5 4. Nf3 Nc6 5. Bb5 Bd6 6. c4 dxc4 7. d5 a6 8. Ba4
b5 9. dxc6 bxa4 10. Qxa4 Qe7+ 11. Be3 Bc5 12. O-O Bxe3 13. fxe3 Nf6 14. Qxc4
Qxe3+ 15. Kh1 O-O 16. Nc3 Be6 17. Qd4 Qxd4 18. Nxd4 Rfd8 19. Nxe6 fxe6 20. Rad1
Rxd1 21. Rxd1 Rb8 22. Na4 Kf7 23. a3 a5 24. Rc1 Rb5 25. Rc5 Rxc5 26. Nxc5 Nd5
27. b3 Ne7 28. Na6 Nxc6 29. Nxc7 Nd4 30. b4 axb4 31. axb4 Ke7 32. b5 Kd7 33. b6
h5 34. Kg1 Kc6 35. Ne8 Nf5 36. Nc7 Nd4 37. Ne8 Nf5 38. Nc7 e5 39. Nd5 Nd6 40.
Ne3 Kxb6 41. g4 h4 42. Ng2 g5 43. Ne1 e4 44. Kg2 Kc5 45. Kh3 Kc4 46. Ng2 Kd3
47. Ne1+ Ke2 48. Nf3 Nf7 49. Ng1+ Kf2 50. Nf3 e3 51. Ne5 Nh6 52. Nd3+ Kf1 53.
Nf2 e2 0-1

[Event "Landsholdsklassen"]
[Site "Svendborg"]
[Date "2018.03.29"]
[Round "6"]
[White "Rasmussen, Allan Stig"]
[Black "Antonsen, Mikkel"]
[Result "1/2-1/2"]
[WhiteElo "2540"]
[BlackElo "2449"]
[PlyCount "125"]
[EventDate "2018.03.24"]
[EventType "tourn"]
[EventRounds "9"]
[EventCountry "DEN"]

1. e4 e5 2. Bc4 Nf6 3. d3 Bc5 4. Nf3 d6 5. O-O O-O 6. c3 Nc6 7. Bg5 h6 8. Bh4
a6 9. Bb3 Ba7 10. Nbd2 g5 11. Bg3 Nh7 12. h3 h5 13. Nc4 g4 14. Nh4 Qg5 15. Kh2
Kh8 16. Ne3 Ne7 17. d4 f6 18. f4 gxf3 19. Rxf3 Bd7 20. Nhf5 Nxf5 21. Nxf5 Rae8
22. dxe5 fxe5 23. Bh4 Qg6 24. Ne7 Qh6 25. Bf7 Bg4 26. hxg4 Rxe7 27. Bxh5 Rg7
28. Rxf8+ Nxf8 29. Qf3 Nh7 30. Rf1 Be3 31. Qf5 Rg8 32. Rf3 Bf4+ 33. g3 Bc1 34.
Qd7 Qd2+ 35. Kh3 Qd1 36. Kg2 Qe2+ 37. Rf2 Qxe4+ 38. Kh2 Bg5 39. Bf7 Rf8 40. Qf5
Qxf5 41. Rxf5 Kg7 42. Be6 Rxf5 43. Bxf5 Bc1 44. Bd8 Bxb2 45. Bxc7 Bxc3 46. Bxd6
b6 47. Kg2 Bd4 48. Be7 Nf6 49. Kf3 Nd5 50. Bd8 Nc3 51. a3 b5 52. g5 e4+ 53.
Bxe4 Nxe4 54. Kxe4 Bc5 55. a4 bxa4 56. Kd5 Bb4 57. Kc4 a5 58. g4 Kg6 59. Bf6
Bd2 60. Kb5 Bxg5 61. Bxg5 Kxg5 62. Kxa4 Kxg4 63. Kxa5 1/2-1/2

[Event "Landsholdsklassen"]
[Site "Svendborg"]
[Date "2018.03.29"]
[Round "6"]
[White "Ochsner, Bjorn Moller"]
[Black "Bjerre, Jonas Buhl"]
[Result "1-0"]
[WhiteElo "2459"]
[BlackElo "2354"]
[PlyCount "131"]
[EventDate "2018.03.24"]
[EventType "tourn"]
[EventRounds "9"]
[EventCountry "DEN"]

1. d4 Nf6 2. c4 e6 3. Nf3 Bb4+ 4. Bd2 a5 5. a3 Bxd2+ 6. Qxd2 b6 7. Nc3 d5 8. e3
O-O 9. Be2 Ba6 10. cxd5 Bxe2 11. Qxe2 exd5 12. O-O c6 13. Rac1 Qd6 14. Rc2 Ra7
15. Rfc1 Re7 16. Na4 Nfd7 17. Qd2 Re6 18. g3 Rc8 19. Ne1 Rh6 20. Nd3 Re8 21.
Qd1 Qe6 22. Nf4 Qf5 23. Qd3 Qf6 24. Qf1 g5 25. Nd3 Qf5 26. b4 axb4 27. Nxb4
Ree6 28. Qg2 g4 29. Rc3 Nf6 30. Nxb6 Ne4 31. N6xd5 cxd5 32. Rc8+ Kg7 33. Rxb8
Rd6 34. Nd3 Nd2 35. Ne5 Nf3+ 36. Nxf3 gxf3 37. Qh1 Rh3 38. Rcc8 Rdh6 39. a4 Kf6
40. Rc6+ Ke7 41. Rxh6 Rxh6 42. h4 Rc6 43. Kh2 Rc2 44. Qf1 Rd2 45. Rb7+ Kf8 46.
Rc7 Ra2 47. Rc1 Rxa4 48. Qh3 Qe4 49. Qc8+ Kg7 50. Qc2 Qxc2 51. Rxc2 f5 52. g4
fxg4 53. Rc5 Ra1 54. Rxd5 h6 55. Rb5 Rf1 56. Kg3 Rg1+ 57. Kf4 Rg2 58. h5 Kh7
59. Rb2 Kg7 60. Rb7+ Kf8 61. Rb6 Kg7 62. Rg6+ Kh7 63. Rxg4 Rxf2 64. Rh4 Rf1 65.
Rh3 f2 66. Kf3 1-0

[Event "Landsholdsklassen"]
[Site "Svendborg"]
[Date "2018.03.29"]
[Round "6"]
[White "Skytte, Rasmus"]
[Black "Rewitz, Poul"]
[Result "0-1"]
[WhiteElo "2394"]
[BlackElo "2308"]
[PlyCount "80"]
[EventDate "2018.03.24"]
[EventType "tourn"]
[EventRounds "9"]
[EventCountry "DEN"]

1. d4 Nf6 2. Nf3 g6 3. c4 Bg7 4. Nc3 d5 5. Bg5 Ne4 6. Bf4 c6 7. e3 O-O 8. h3
Qa5 9. cxd5 cxd5 10. Qb3 Nd7 11. Rc1 Nb6 12. Bb5 Nc4 13. a3 Be6 14. Bxc4 dxc4
15. Qb5 Qxb5 16. Nxb5 Bd7 17. Nc7 Rac8 18. Rxc4 Bc6 19. b4 a6 20. Bh2 Rfd8 21.
Rc1 e5 22. Nxe5 Rxc7 23. Nxg6 Rcd7 24. Ne5 Bxe5 25. Bxe5 f6 26. Bh2 Bb5 27. f3
Nd6 28. Kf2 Re8 29. Rc5 Nc4 30. Bf4 Nxa3 31. Rhc1 Bc6 32. g4 Nb5 33. g5 fxg5
34. Rxg5+ Rg7 35. Rcg1 Ree7 36. d5 Bd7 37. Be5 Rxg5 38. Rxg5+ Kf8 39. Bd4 Nxd4
40. exd4 Bxh3 0-1

[Event "Landsholdsklassen"]
[Site "Svendborg"]
[Date "2018.03.29"]
[Round "6"]
[White "Hansen, Mads"]
[Black "Thybo, Jesper Sondergaard"]
[Result "1/2-1/2"]
[WhiteElo "2387"]
[BlackElo "2472"]
[PlyCount "83"]
[EventDate "2018.03.24"]
[EventType "tourn"]
[EventRounds "9"]
[EventCountry "DEN"]

1. e4 c5 2. Nf3 d6 3. d4 Nf6 4. Nc3 cxd4 5. Nxd4 g6 6. Be3 Bg7 7. f3 O-O 8. Qd2
Nc6 9. O-O-O d5 10. Qe1 e5 11. Nxc6 bxc6 12. exd5 Nxd5 13. Bc4 Be6 14. Ne4 Qc7
15. Bc5 Rfd8 16. Qh4 h6 17. g4 Nf4 18. Bxe6 Nxe6 19. Qe7 Rxd1+ 20. Rxd1 Qxe7
21. Bxe7 Nd4 22. Rd3 f5 23. gxf5 gxf5 24. Ng3 Kf7 25. Bc5 f4 26. Ne4 Ke6 27. c3
Nf5 28. a4 a5 29. Bb6 Bf6 30. Nc5+ Kf7 31. Rd7+ Be7 32. Rc7 Ne3 33. Nd3 Rg8 34.
Nxe5+ Ke6 35. Nxc6 Bd6 36. Rb7 Rg1+ 37. Kd2 Nc4+ 38. Kd3 Nxb2+ 39. Ke2 Rg2+ 40.
Kf1 Rxh2 41. Nxa5 Nxa4 42. Bd4 1/2-1/2

[Event "Landsholdsklassen"]
[Site "Svendborg"]
[Date "2018.03.30"]
[Round "7"]
[White "Bjerre, Jonas Buhl"]
[Black "Hansen, Mads"]
[Result "1-0"]
[WhiteElo "2354"]
[BlackElo "2387"]
[PlyCount "79"]
[EventDate "2018.03.24"]
[EventType "tourn"]
[EventRounds "9"]
[EventCountry "DEN"]

1. e4 e5 2. Nf3 Nc6 3. Bc4 Nf6 4. d3 h6 5. O-O d6 6. c3 g5 7. Be3 Bg7 8. Nbd2
O-O 9. d4 exd4 10. Nxd4 Ne5 11. Bb3 Neg4 12. Re1 c5 13. N4f3 Re8 14. h3 Nxe3
15. Rxe3 Be6 16. Nc4 Bf8 17. a4 Qc7 18. Qc2 Rad8 19. Ncd2 d5 20. exd5 Nxd5 21.
Ree1 Bg7 22. Rad1 a6 23. Bc4 Qc6 24. Ne5 Bxe5 25. Rxe5 Nf4 26. Bf1 c4 27. Ne4
Bd5 28. Rxe8+ Rxe8 29. f3 Bxe4 30. fxe4 Rxe4 31. Qf2 Qxa4 32. Rd8+ Kg7 33. Rd4
Qc6 34. Bxc4 b5 35. Bd5 Nxd5 36. Rxe4 Nf4 37. Re1 Kg6 38. Kh2 h5 39. g3 Ne6 40.
Rf1 1-0

[Event "Landsholdsklassen"]
[Site "Svendborg"]
[Date "2018.03.30"]
[Round "7"]
[White "Antonsen, Mikkel"]
[Black "Ochsner, Bjorn Moller"]
[Result "0-1"]
[WhiteElo "2449"]
[BlackElo "2459"]
[PlyCount "128"]
[EventDate "2018.03.24"]
[EventType "tourn"]
[EventRounds "9"]
[EventCountry "DEN"]

1. d4 d5 2. c4 e6 3. Nc3 Bb4 4. Nf3 Nf6 5. cxd5 exd5 6. Bg5 h6 7. Bh4 c5 8.
dxc5 Nbd7 9. Qd4 Qa5 10. Rc1 O-O 11. a3 Bxc5 12. Qa4 Qb6 13. b4 Bd4 14. Nb5 Be5
15. e3 Bb8 16. Bg3 Bxg3 17. hxg3 a6 18. Be2 Qd8 19. Nbd4 Nb6 20. Qa5 Bd7 21.
O-O Ne4 22. Ne5 Bb5 23. Bxb5 axb5 24. Qxb5 Rxa3 25. Ra1 Nd6 26. Qe2 Qa8 27.
Rac1 Rc8 28. Qg4 Rxc1 29. Rxc1 Ra1 30. Rxa1 Qxa1+ 31. Kh2 Qc3 32. Ndf3 Nbc4 33.
Nxc4 dxc4 34. b5 Qd3 35. Nd4 c3 36. Qd7 Nxb5 37. Qc8+ Kh7 38. Nxb5 Qxb5 39.
Qxc3 Qh5+ 40. Kg1 Qd1+ 41. Kh2 b5 42. g4 Qb1 43. Qc7 Qb3 44. Kg3 Qd5 45. f3 b4
46. e4 Qb5 47. Qxf7 b3 48. e5 Qxe5+ 49. Kh3 Qb5 50. Qe6 b2 51. Qe4+ Kh8 52.
Qa8+ Kh7 53. Qe4+ Kg8 54. Qe6+ Kf8 55. Qc8+ Ke7 56. Qc7+ Ke6 57. Qc8+ Kd6 58.
Qd8+ Kc5 59. Qe7+ Kd4 60. Qxg7+ Kd3 61. Qg6+ Kc3 62. Qf6+ Kc2 63. Qg6+ Qd3 64.
Qc6+ Kd2 0-1

[Event "Landsholdsklassen"]
[Site "Svendborg"]
[Date "2018.03.30"]
[Round "7"]
[White "Percivaldi, Martin"]
[Black "Rasmussen, Allan Stig"]
[Result "1/2-1/2"]
[WhiteElo "2388"]
[BlackElo "2540"]
[PlyCount "149"]
[EventDate "2018.03.24"]
[EventType "tourn"]
[EventRounds "9"]
[EventCountry "DEN"]

1. Nf3 d5 2. g3 Nf6 3. Bg2 Bf5 4. O-O e6 5. d3 h6 6. c4 c6 7. cxd5 exd5 8. Nc3
Be7 9. Nd4 Bg6 10. e4 O-O 11. Re1 Na6 12. e5 Nd7 13. Bh3 Re8 14. f4 Bc5 15. Be3
Nb4 16. Bf1 b5 17. a4 Nxe5 18. fxe5 Rxe5 19. Nxc6 Rxe3 20. d4 Rxe1 21. Qxe1
Nxc6 22. dxc5 bxa4 23. Bg2 Nb4 24. Qe5 Qa5 25. Qd4 Nd3 26. Rxa4 Qxc5 27. Qxc5
Nxc5 28. Ra5 Nd3 29. Nxd5 Re8 30. Rxa7 Re1+ 31. Bf1 Nxb2 32. Ne7+ Kh7 33. Nxg6
Kxg6 34. Kf2 Re6 35. Be2 f5 36. Ra2 Rb6 37. Ke3 Rb4 38. Ra6+ Kf7 39. Ra7+ Kf6
40. Ra6+ Ke7 41. Ra7+ Kf6 42. Ra6+ Kf7 43. Ra7+ Kg8 44. Ra5 Re4+ 45. Kf3 g6 46.
Ra8+ Kg7 47. Ra7+ Kf6 48. Ra6+ Re6 49. Ra2 Rb6 50. Ke3 Ke5 51. Ra5+ Kd6 52. Kd2
Rc6 53. h4 h5 54. Ra2 Nc4+ 55. Bxc4 Rxc4 56. Ke3 Rg4 57. Kf3 Ke6 58. Ra6+ Kf7
59. Ra7+ Kf6 60. Ra6+ Kg7 61. Ra7+ Kh6 62. Ra6 Re4 63. Rb6 Kg7 64. Ra6 Kf7 65.
Ra7+ Kf6 66. Ra6+ Re6 67. Ra8 Rd6 68. Kf4 Rd4+ 69. Kf3 Ke5 70. Re8+ Kf6 71. Ra8
Rd6 72. Rf8+ Ke5 73. Re8+ Re6 74. Ra8 Kf6 75. Kf4 1/2-1/2

[Event "Landsholdsklassen"]
[Site "Svendborg"]
[Date "2018.03.30"]
[Round "7"]
[White "Rewitz, Poul"]
[Black "Borge, Nikolaj"]
[Result "1-0"]
[WhiteElo "2308"]
[BlackElo "2392"]
[PlyCount "143"]
[EventDate "2018.03.24"]
[EventType "tourn"]
[EventRounds "9"]
[EventCountry "DEN"]

1. d4 Nf6 2. Bg5 d5 3. Nd2 g6 4. Bxf6 exf6 5. g3 f5 6. Bg2 c6 7. e3 Bd6 8. Ne2
Nd7 9. c4 dxc4 10. Nxc4 Bb4+ 11. Nc3 Nf6 12. O-O O-O 13. a3 Be6 14. Qd3 Be7 15.
b4 Qc7 16. Rfc1 Rad8 17. b5 Rd7 18. bxc6 bxc6 19. Qf1 c5 20. Ne5 cxd4 21. Nxd7
Qxd7 22. exd4 Qxd4 23. Nb5 Qb6 24. Rc6 Qb8 25. Rc7 Bd7 26. Rb7 Qe8 27. Re1 Ne4
28. Bxe4 fxe4 29. Qc4 Bf5 30. a4 a5 31. Nd4 Bb4 32. Nxf5 gxf5 33. Re2 Qxa4 34.
Rc2 Qa1+ 35. Kg2 Qd1 36. Qe2 Qxe2 37. Rxe2 Kg7 38. Rc2 Bd6 39. Rc6 Bb4 40. Rb5
Ra8 41. Rxf5 Be7 42. Re5 Bf8 43. Rxe4 a4 44. Rg4+ Kh8 45. Rcc4 a3 46. Ra4 Rb8
47. Rgc4 Kg7 48. Rc6 h6 49. Rca6 Bc5 50. R6a5 Bb4 51. Ra8 Rb5 52. R8a7 Rb6 53.
R4a6 Rb5 54. g4 Re5 55. Ra4 Be7 56. Kf3 Re6 57. Rf4 Kg6 58. h4 Bxh4 59. Rfxf7
Bf6 60. Rf8 Bb2 61. Rg8+ Kf6 62. Rga8 Ke5 63. Ra6 Re7 64. Rxh6 Rf7+ 65. Kg3 Rb7
66. f4+ Ke4 67. Re6+ Kd3 68. Rea6 Rb3 69. g5 Bc1 70. Kg4 Kc2 71. g6 Rb4 72.
Rc6+ 1-0

[Event "Landsholdsklassen"]
[Site "Svendborg"]
[Date "2018.03.30"]
[Round "7"]
[White "Thybo, Jesper Sondergaard"]
[Black "Skytte, Rasmus"]
[Result "1-0"]
[WhiteElo "2472"]
[BlackElo "2394"]
[PlyCount "57"]
[EventDate "2018.03.24"]
[EventType "tourn"]
[EventRounds "9"]
[EventCountry "DEN"]

1. d4 d5 2. c4 c6 3. Nf3 Nf6 4. Qc2 dxc4 5. e4 b5 6. b3 cxb3 7. axb3 e6 8. Bd2
Bb7 9. Ba5 Qc8 10. Nbd2 Be7 11. Bd3 h6 12. b4 Nbd7 13. Nb3 O-O 14. Nc5 e5 15.
Nxe5 Nxe5 16. dxe5 Nd7 17. Qc3 Nxc5 18. bxc5 f6 19. Rd1 Qe6 20. Bc2 Kh8 21.
exf6 Bxf6 22. Qd3 Qe5 23. O-O Rae8 24. Kh1 Bg5 25. Bc3 Qxc5 26. e5 g6 27. e6+
Bf6 28. Qxg6 Qe7 29. Rd7 1-0

[Event "Landsholdsklassen"]
[Site "Svendborg"]
[Date "2018.03.31"]
[Round "8"]
[White "Borge, Nikolaj"]
[Black "Thybo, Jesper Sondergaard"]
[Result "1/2-1/2"]
[WhiteElo "2392"]
[BlackElo "2472"]
[PlyCount "76"]
[EventDate "2018.03.24"]
[EventType "tourn"]
[EventRounds "9"]
[EventCountry "DEN"]

1. e4 c5 2. Nf3 d6 3. d4 cxd4 4. Nxd4 Nf6 5. Nc3 g6 6. Be3 Bg7 7. f3 Nc6 8. Qd2
O-O 9. g4 Be6 10. O-O-O Nxd4 11. Bxd4 Qa5 12. a3 Rab8 13. h4 b5 14. Nd5 Qxd2+
15. Rxd2 Bxd5 16. exd5 a5 17. Bh3 Nd7 18. Bxg7 Kxg7 19. g5 Nb6 20. Re1 Rb7 21.
Bf1 Na4 22. Rd4 b4 23. axb4 axb4 24. c3 Rfb8 25. Rxb4 Rxb4 26. cxb4 Rxb4 27.
Re4 Rxe4 28. fxe4 Kf8 29. Kd2 Nc5 30. Ke3 Nd7 31. Bb5 Ne5 32. b4 e6 33. dxe6
fxe6 34. Ba4 Ke7 35. Bb5 Kd8 36. Ba4 Kc7 37. Bb3 Kd7 38. Ba4+ Kc7 1/2-1/2

[Event "Landsholdsklassen"]
[Site "Svendborg"]
[Date "2018.03.31"]
[Round "8"]
[White "Rasmussen, Allan Stig"]
[Black "Rewitz, Poul"]
[Result "1-0"]
[WhiteElo "2540"]
[BlackElo "2308"]
[PlyCount "77"]
[EventDate "2018.03.24"]
[EventType "tourn"]
[EventRounds "9"]
[EventCountry "DEN"]

1. d4 e6 2. c4 b6 3. e4 Bb7 4. Bd3 Bb4+ 5. Kf1 Be7 6. Nc3 d6 7. Qg4 Nc6 8. Nge2
Bf6 9. Be3 h5 10. Qg3 h4 11. Qf3 Nge7 12. Rd1 Qd7 13. Bc2 O-O-O 14. Ba4 Kb8 15.
g4 hxg3 16. hxg3 Qc8 17. Rxh8 Rxh8 18. g4 e5 19. g5 exd4 20. gxf6 dxc3 21. fxe7
cxb2 22. Bd4 Nxe7 23. Bxb2 Qe6 24. Bc2 f6 25. Bd3 Nc6 26. Nf4 Qd7 27. Be2 Na5
28. c5 bxc5 29. Rb1 Qa4 30. Bc3 Nc4 31. Rxb7+ Kxb7 32. e5+ Kb8 33. exd6 Nxd6
34. Ne6 Qxa2 35. Nxc5 Qb1+ 36. Be1 Re8 37. Qc6 Rxe2 38. Na6+ Kc8 39. Qxc7# 1-0

[Event "Landsholdsklassen"]
[Site "Svendborg"]
[Date "2018.03.31"]
[Round "8"]
[White "Ochsner, Bjorn Moller"]
[Black "Percivaldi, Martin"]
[Result "1-0"]
[WhiteElo "2459"]
[BlackElo "2388"]
[PlyCount "85"]
[EventDate "2018.03.24"]
[EventType "tourn"]
[EventRounds "9"]
[EventCountry "DEN"]

1. e4 e6 2. d4 d5 3. Nc3 Bb4 4. e5 Ne7 5. a3 Bxc3+ 6. bxc3 b6 7. h4 Ba6 8. Bxa6
Nxa6 9. h5 h6 10. Qg4 Rg8 11. Qe2 Nb8 12. Nf3 Nbc6 13. c4 dxc4 14. Qxc4 Na5 15.
Qb5+ Qd7 16. a4 a6 17. Qd3 Qd5 18. Rh4 Nc4 19. Kf1 Nc6 20. Rg4 O-O-O 21. Kg1 f6
22. Bf4 f5 23. Rg6 Ne7 24. Rg3 Kb7 25. Rb1 Nc6 26. c3 Ka7 27. Ne1 N6a5 28. Qe2
Nc6 29. Bc1 Ne7 30. Nd3 Na5 31. Ba3 Nc8 32. Rg6 Rde8 33. Nf4 Qd7 34. Qc2 Nc6
35. Qb3 Na5 36. Qc2 Nc6 37. Qa2 Nd8 38. a5 Ne7 39. axb6+ cxb6 40. Qb3 Nc8 41.
d5 exd5 42. Rxb6 Rxe5 43. Bc5 1-0

[Event "Landsholdsklassen"]
[Site "Svendborg"]
[Date "2018.03.31"]
[Round "8"]
[White "Bjerre, Jonas Buhl"]
[Black "Antonsen, Mikkel"]
[Result "1/2-1/2"]
[WhiteElo "2354"]
[BlackElo "2449"]
[PlyCount "101"]
[EventDate "2018.03.24"]
[EventType "tourn"]
[EventRounds "9"]
[EventCountry "DEN"]

1. e4 e5 2. Nf3 Nf6 3. Nxe5 d6 4. Nf3 Nxe4 5. d4 d5 6. Bd3 Bd6 7. O-O O-O 8. c4
c6 9. Nc3 Nxc3 10. bxc3 dxc4 11. Bxc4 Bg4 12. h3 Bh5 13. g4 Bg6 14. Re1 Nd7 15.
Bg5 Qa5 16. Be7 Bxe7 17. Rxe7 Nb6 18. Qb3 Nc8 19. Rxb7 Nd6 20. Rb4 c5 21. Ra4
Qc7 22. Bf1 Ne4 23. Bg2 Rab8 24. Qa3 cxd4 25. Nxd4 Qf4 26. Nf3 Rfd8 27. Rd4
Rxd4 28. cxd4 h5 29. Qc1 Qf6 30. g5 Qb6 31. Qe3 Qb2 32. Re1 Qxa2 33. Ne5 Rb3
34. Qf4 Rb1 35. Rxb1 Qxb1+ 36. Kh2 Nc3 37. Qe3 Nd1 38. Qd2 Qc2 39. Qxc2 Bxc2
40. Bd5 Kf8 41. Nc6 Nxf2 42. Nxa7 h4 43. Kg2 Ne4 44. Kf3 Nc3 45. Bb7 Ke8 46.
Kg4 Kd7 47. Bc6+ Kd6 48. Nb5+ Nxb5 49. Bxb5 Kd5 50. Kxh4 Kxd4 51. Kg4 1/2-1/2

[Event "Landsholdsklassen"]
[Site "Svendborg"]
[Date "2018.03.31"]
[Round "8"]
[White "Hansen, Mads"]
[Black "Skytte, Rasmus"]
[Result "0-1"]
[WhiteElo "2387"]
[BlackElo "2394"]
[PlyCount "64"]
[EventDate "2018.03.24"]
[EventType "tourn"]
[EventRounds "9"]
[EventCountry "DEN"]

1. e4 c6 2. d4 d5 3. e5 c5 4. dxc5 e6 5. a3 Bxc5 6. b4 Bb6 7. Qg4 g6 8. Nf3 Nc6
9. Bd3 Bd7 10. Nbd2 Nh6 11. Qh3 Nf5 12. Bb2 Ncd4 13. O-O Rc8 14. g4 Nxf3+ 15.
Nxf3 Ne7 16. Qh6 Ba4 17. Bc1 d4 18. Ng5 Rxc2 19. Qg7 Kd7 20. Qxf7 Qg8 21. Bxc2
Bxc2 22. Qf3 Qc8 23. Nf7 Rg8 24. Nd6 Rf8 25. Qh3 Qc6 26. Bg5 h5 27. Bxe7 Kxe7
28. f3 d3+ 29. Kg2 d2 30. Rad1 Bxd1 31. Rxd1 Qc2 32. Qh4+ Kd7 0-1

[Event "Landsholdsklassen"]
[Site "Svendborg"]
[Date "2018.04.01"]
[Round "9"]
[White "Antonsen, Mikkel"]
[Black "Hansen, Mads"]
[Result "0-1"]
[WhiteElo "2449"]
[BlackElo "2387"]
[PlyCount "94"]
[EventDate "2018.03.24"]
[EventType "tourn"]
[EventRounds "9"]
[EventCountry "DEN"]

1. d4 d5 2. c4 e6 3. Nf3 Nf6 4. Nc3 c6 5. e3 Nbd7 6. Qc2 Bd6 7. Be2 dxc4 8. a4
a6 9. O-O c5 10. dxc5 Bxc5 11. e4 Qc7 12. Bxc4 b6 13. Qe2 Bb7 14. e5 Ng4 15.
Bf4 O-O 16. Ne4 Be7 17. Rac1 Qb8 18. Kh1 b5 19. Ba2 bxa4 20. h3 Nh6 21. Rfd1
Rd8 22. Bxh6 gxh6 23. Nd6 Nf8 24. Nxb7 Qxb7 25. Bb1 Rxd1+ 26. Rxd1 Rd8 27. Rxd8
Bxd8 28. Bc2 Qc6 29. Qd1 Bb6 30. Bxa4 Qc5 31. Qd2 Qxf2 32. Qxh6 Be3 33. Qf6
Qxb2 34. Be8 Qb1+ 35. Kh2 Qg6 36. Qe7 Bf4+ 37. Kg1 Bg3 38. Qg5 h6 39. Qxg6+
Nxg6 40. Kf1 Bxe5 41. Ke2 Kf8 42. Ba4 Ke7 43. g4 Bb2 44. Ke3 Bc1+ 45. Ke4 Nf4
46. h4 Nd5 47. Bb3 Nf6+ 0-1

[Event "Landsholdsklassen"]
[Site "Svendborg"]
[Date "2018.04.01"]
[Round "9"]
[White "Percivaldi, Martin"]
[Black "Bjerre, Jonas Buhl"]
[Result "1/2-1/2"]
[WhiteElo "2388"]
[BlackElo "2354"]
[PlyCount "56"]
[EventDate "2018.03.24"]
[EventType "tourn"]
[EventRounds "9"]
[EventCountry "DEN"]

1. d4 Nf6 2. c4 e6 3. Nf3 Bb4+ 4. Nbd2 O-O 5. a3 Be7 6. e4 d5 7. e5 Nfd7 8. Bd3
c5 9. h4 g6 10. h5 cxd4 11. Qc2 Nc5 12. cxd5 Nxd3+ 13. Qxd3 Qxd5 14. Ne4 Nd7
15. Bh6 Re8 16. Bg5 b6 17. Bxe7 Rxe7 18. Nf6+ Nxf6 19. exf6 Rc7 20. hxg6 fxg6
21. Kd2 Qd6 22. g3 e5 23. Rxh7 Bf5 24. Qb3+ Be6 25. Qd3 Bf5 26. Qb3+ Be6 27.
Qd3 Bf5 28. Qb3+ Be6 1/2-1/2

[Event "Landsholdsklassen"]
[Site "Svendborg"]
[Date "2018.04.01"]
[Round "9"]
[White "Rewitz, Poul"]
[Black "Ochsner, Bjorn Moller"]
[Result "0-1"]
[WhiteElo "2308"]
[BlackElo "2459"]
[PlyCount "70"]
[EventDate "2018.03.24"]
[EventType "tourn"]
[EventRounds "9"]
[EventCountry "DEN"]

1. Nc3 c5 2. e4 d6 3. f4 g6 4. d4 cxd4 5. Qxd4 Nf6 6. e5 Nc6 7. Bb5 Nd7 8. Bxc6
bxc6 9. e6 Nf6 10. exf7+ Kxf7 11. Nf3 Qb6 12. Be3 Qxd4 13. Bxd4 Bg7 14. Ng5+
Kf8 15. O-O-O Rb8 16. Bxa7 Rb4 17. Bc5 Rxf4 18. Rxd6 Bh6 19. h4 Rxh4 20. Rxf6+
Ke8 21. Rxh4 Bxg5+ 22. Rff4 e5 23. Ne4 Bxf4+ 24. Kb1 Bf5 25. Nd6+ Kd7 26. Nf7
Ra8 27. Rxh7 Ke6 28. Nd6 Rd8 29. a4 Rxd6 30. Bxd6 Kxd6 31. a5 Bc8 32. Rh8 Ba6
33. Ra8 e4 34. g3 Bxg3 35. Rxa6 e3 0-1

[Event "Landsholdsklassen"]
[Site "Svendborg"]
[Date "2018.04.01"]
[Round "9"]
[White "Thybo, Jesper Sondergaard"]
[Black "Rasmussen, Allan Stig"]
[Result "1/2-1/2"]
[WhiteElo "2472"]
[BlackElo "2540"]
[PlyCount "137"]
[EventDate "2018.03.24"]
[EventType "tourn"]
[EventRounds "9"]
[EventCountry "DEN"]

1. d4 d5 2. c4 dxc4 3. Nf3 Nf6 4. e3 e6 5. Bxc4 c5 6. O-O Nc6 7. dxc5 Qxd1 8.
Rxd1 Bxc5 9. a3 O-O 10. b4 Be7 11. Bb2 b6 12. Nc3 Bb7 13. Be2 Rfd8 14. Rxd8+
Rxd8 15. Rd1 Rxd1+ 16. Bxd1 Ne8 17. Be2 f6 18. Nd2 Kf7 19. f3 Nc7 20. Kf2 e5
21. Bc4+ Ke8 22. Nb5 Nxb5 23. Bxb5 a6 24. Bd3 g6 25. Ke2 b5 26. Nb3 Nb8 27. e4
Bc8 28. Bc1 Be6 29. Na5 Kd7 30. Be3 Kc7 31. Kd2 Nd7 32. Kc2 h5 33. g3 Bh3 34.
Kd2 Nf8 35. Bc2 Be6 36. Kc3 Bh3 37. Kd2 Bd6 38. Bb3 Be6 39. Bc2 Nd7 40. Bd3 f5
41. f4 Nf6 42. exf5 gxf5 43. fxe5 Bxe5 44. Kc2 Ng4 45. Bg1 f4 46. gxf4 Bxf4 47.
h4 Ne3+ 48. Kc3 Be5+ 49. Kd2 Nf5 50. Bf2 Bb2 51. Nb3 Bxa3 52. Kc3 Ne7 53. Nc5
Bc8 54. Kb3 Bc1 55. Be2 Bg4 56. Nxa6+ Kc6 57. Bd3 Bd1+ 58. Ka2 Nd5 59. Be1 Bf3
60. Nc5 Nf4 61. Bf5 Bd5+ 62. Kb1 Be3 63. Nd3 Ne2 64. Bg6 Nd4 65. Bf2 Bxf2 66.
Nxf2 Nf3 67. Bxh5 Nxh4 68. Be8+ Kb6 69. Kb2 1/2-1/2

[Event "Landsholdsklassen"]
[Site "Svendborg"]
[Date "2018.04.01"]
[Round "9"]
[White "Skytte, Rasmus"]
[Black "Borge, Nikolaj"]
[Result "0-1"]
[WhiteElo "2394"]
[BlackElo "2392"]
[PlyCount "72"]
[EventDate "2018.03.24"]
[EventType "tourn"]
[EventRounds "9"]
[EventCountry "DEN"]

1. d4 Nf6 2. c4 g6 3. g3 Bg7 4. Bg2 d6 5. Nc3 O-O 6. Nf3 c5 7. d5 e6 8. O-O
exd5 9. cxd5 Re8 10. Nd2 a6 11. a4 Nbd7 12. Re1 Rb8 13. a5 b5 14. axb6 Nxb6 15.
h3 Bd7 16. e4 Qc8 17. Kh2 Re5 18. Nf3 Rh5 19. h4 Nc4 20. Qe2 Rb4 21. Kg1 Ng4
22. Ra2 Bd4 23. Nxd4 cxd4 24. Nb1 Qc5 25. Rf1 Nce5 26. Na3 Rb3 27. Bf4 Nd3 28.
Bd2 Ndxf2 29. Rxf2 Rxg3 30. b4 Qa7 31. Bf4 Rb3 32. Bg5 h6 33. Nb5 Qb6 34. Nxd6
Qxd6 35. Rxa6 Qh2+ 36. Kf1 Rb1+ 0-1